[Event "ACT-ch"]
[Site "Belconnen"]
[Date "2001.10.05"]
[Round "7"]
[White "Ngo Da, Vinh"]
[Black "McFarlane Smith, Todd"]
[Result "1-0"]
[WhiteElo "768"]
[BlackElo "945"]
[PlyCount "77"]
[EventDate "2001.08.24"]
[EventType "swiss"]
[EventRounds "9"]
[EventCountry "AUS"]
[SourceTitle "EXT 2006"]
[Source "ChessBase"]
[SourceDate "2005.11.24"]
[SourceVersion "1"]
[SourceVersionDate "2005.11.24"]
[SourceQuality "1"]

1. e4 e5 2. Nf3 Nc6 3. Nc3 Nf6 4. Bc4 Bc5 5. 0-0 0-0 6. d3 b6 7. Qe2 a6 8. a3 b5 9. Ba2 Rb8 10. b4 Bb6 11. Bb2 d6 12. h3 h6 13. Nd5 Ba7 14. Rad1 Be6 15. d4 Nd7 16. c4 exd4 17. Nxd4 Nxd4 18. Bxd4 Bxd4 19. Rxd4 Re8 20. Nf4 c5 21. Rxd6 Qc7 22. Qd2 bxc4 23. Nxe6 Rb7 24. Nxc7 Rxc7 25. Rxd7 Re7 26. Rxe7 Rxe7 27. Qc2 f6 28. Bxc4+ Kh7 29. Rd1 g6 30. Rd6 h5 31. Rxf6 Kg7 32. Rf7+ Rxf7 33. Bxf7 Kxf7 34. Qxc5 a5 35. e5 Ke6 36. Qd6+ Kf5 37. f3 axb4 38. axb4 g5 39. Qf6# 1-0

[Event "ACT-ch"]
[Site "Belconnen"]
[Date "2001.09.07"]
[Round "3"]
[White "Stojic, Dusan"]
[Black "McFarlane Smith, Todd"]
[Result "1-0"]
[WhiteElo "1572"]
[BlackElo "945"]
[PlyCount "45"]
[EventDate "2001.08.24"]
[EventType "swiss"]
[EventRounds "9"]
[EventCountry "AUS"]
[SourceTitle "EXT 2006"]
[Source "ChessBase"]
[SourceDate "2005.11.24"]
[SourceVersion "1"]
[SourceVersionDate "2005.11.24"]
[SourceQuality "1"]

1. e4 e5 2. Nf3 Nc6 3. Bb5 d5 4. Nxe5 Qf6 5. d4 a6 6. Bxc6+ bxc6 7. exd5 cxd5 8. 0-0 Ne7 9. Nc3 Nf5 10. Re1 Be7 11. Nxd5 Qd6 12. Nxe7 Nxe7 13. Bg5 f6 14. Qh5+ g6 15. Nxg6 Bg4 16. Qxg4 hxg6 17. Bf4 Qxd4 18. Rad1 Qxb2 19. Qd7+ Kf7 20. Rxe7+ Kf8 21. Rf7+ Kg8 22. Rg7+ Kf8 23. Qe7# 1-0